Semafory Kolejowe - Świetlne - Statystyki

Ogólne statystyki
  • Ten quiz został rozwiązany 64 razy
  • Średni wynik to 12 z 16
Statystyki odpowiedzi
Obrazkowy Odpowiedź % Poprawnych
S1
98%
S2
88%
S6
83%
S3
79%
S9
79%
S5
77%
S7
73%
S8
73%
SZ
71%
S13
69%
S4
69%
S10
67%
S11
67%
S12
67%
S11a
50%
S1a
44%
Nie znaleziono quizów pasujących do podanych kryteriów
Rozkład punktacji
Procent ludzi z każdym wynikiem
Percentyl według liczby udzielonych odpowiedzi
Twoja historia wyników
Nie rozwiązałeś tego quizu